000 00617nam a2200253Ia 4500
005 20260121161334.0
008 008 260114s9999 xx 000 0 eng d
020 _a9780203742563
037 _aEBOOK
040 _aCRL
040 _beng
040 _cCRL
041 _2eng
041 _aeng
084 _qCRL
100 _aBrian S. Yandell
_91043166
245 0 _aPractical Data Analysis for Designed Experiments:
260 _bTaylor and Francis
260 _c1997
856 _uhttp://www.taylorfrancis.com/books/9780203742563
942 _cEBOOK
999 _c1609982
_d1609982